Statistiques concernant Pays de 6 millions à 2 millions d'habitants

Cliquez ici pour prendre le quiz!

Statistiques générales

  • Ce quiz a été pris 26 fois
  • Le résultat moyen est 19 sur 35

Statistiques - réponses

PopulationPays% Correct
5 549 886Finlande
88%
5 514 477Norvège
88%
2 118 965Slovénie
81%
2 826 020Albanie
77%
5 702 832Slovaquie
77%
2 082 706Macédoine du Nord
73%
3 194 378Bosnie-Herzégovine
69%
5 219 044Liban
69%
2 692 798Lituanie
65%
3 986 627Croatie
62%
3 423 316Uruguay
62%
5 089 478Irlande
58%
4 349 380Koweït
58%
2 356 083Lesotho
58%
3 329 865Moldavie
58%
5 246 714Costa Rica
54%
3 817 651Érythrée
54%
4 713 553Oman
54%
2 737 061Qatar
54%
2 841 803Gambie
50%
3 717 425Géorgie
50%
2 777 979Arménie
46%
5 536 949Liberia
46%
4 527 961Panama
46%
5 939 695Danemark
42%
2 197 149Guinée-Bissau
42%
5 269 939Nouvelle-Zélande
42%
2 824 738Jamaïque
38%
3 493 629Mongolie
38%
4 993 922Mauritanie
35%
5 915 627République Centrafricaine
35%
2 645 805Namibie
31%
2 719 694Botswana
27%
2 484 557Gabon
27%
5 494 963Palestine
23%

Distribution des résultats

Percentile par nombre de réponses

% des personnes avec chaque résultat

Votre développement - résultats

Vous n’avez pas pris ce quiz